000 00956nam0a2200277 4500
001 RU\NLR\BIBL_A\012385669
005 20250624023032.0
035 _a(NLR Aleph) 012385669
090 _a13301722
_c13301722
100 _a20201022d1972 |||y0rusy50 ca
101 0 _aaze
102 _aAZ
105 _ay z 000 y
181 0 _ai
_baxxe
182 0 _an
200 1 _aВәтәнпәрвәлик нәдән башлаjыр
_fМаһирә Фәрәҹова
203 _aТекст
_bвизуальный
_cнепосредственный
210 _aБакы
_cҜәнҹлик
_d1972
215 _a54,[2] c.
_d17
541 1 _6z01790
_aС чего начинается патриотизм?
700 1 _aФәрәҹова
_bМ. Г.
_gМаһирә Гәнбәр гызы
_4070
790 1 _6z01541
_aФараджева
_bМ. Г.
_gМахира Гамбар кызы
_4070
852 _aNLR
_bОНЛ
_jАзерб./2-15752
942 _cBOOK
980 _aNB